000 01634nam0a2200301 4500
001 RU\NLR\BIBL_A\011979453
005 20260405151424.0
010 _a978-5-94500-135-0
_9500
035 _a(NLR Aleph) 011979453
090 _a11300539
_c11300539
100 _a20190403d2018 |||y0rusy50 ca
101 0 _arus
102 _aRU
105 _aach z 000 y
200 1 _aПоваренная книга для голодающих, посвящается пресыщенным
_eзаметки с натуры
_fН. Б. Нордман-Северова
_g[предисловие автора]
_gМинистерство культуры Российской Федерации, Научно-исследовательский музей при Российской академии художеств, Музей-усадьба И.Е. Репина "Пенаты"
210 _aСанкт-Петербург
_cОстров
_d2018
215 _a83, [1] с.
_cил., портр., факс.
_d20
300 _aВ вып. дан. авт.: Н. Б. Нордман (лит. псевдоним Северова)
320 _aБиблиогр. в подстроч. примеч.
606 1 _aВегетарианство
_91249006
_3RU\NLR\AUTH\66194064
606 1 _aВегетарианская кухня
_91249003
_3RU\NLR\AUTH\66194062
686 1 _aР123.031
686 1 _aЛ996.6
700 1 _8rus
_7ca
_aНордман-Северова
_bН. Б.
_f1863-1914
_gНаталья Борисовна
_3RU\NLR\AUTH\7762626
_945556
942 _cBOOK
980 _aNB